| 000 | 01331nam a2200253Ia 4500 | ||
|---|---|---|---|
| 003 | OSt | ||
| 005 | 20220930094916.0 | ||
| 006 | a|||||r|||| 00| 0 | ||
| 007 | ta | ||
| 008 | 220926b |||||||| |||| 00| 0 hin d | ||
| 024 | _a35303 | ||
| 037 | _cTheses | ||
| 040 |
_aCRL _cCRL _bhin |
||
| 041 |
_2hin _ahin |
||
| 100 | _aमीना, राकेश कुमार, ले. | ||
| 110 |
_aदिल्ली विश्वविद्यालय. कला संकाय. हिन्दी _9556718 |
||
| 245 | 0 | _aउत्तर-औपनिवेशिक विमर्शों के संदर्भ में गार्सां द तासी, जॉर्ज अब्राहम ग्रियर्सन, एफ.ई.के. के मध्यकालीन चिंतन का पुनर्मूल्यांकन। | |
| 246 | _aUttara-aupaniveshik vimarshoan ke sandarbha mean gārsāan d tāsī, jaॉrja abrāham griyarsana, efa.ī.ke. Ke madhyakālīn chiantan kā punarmūlyāankana। | ||
| 260 | _c2015 | ||
| 300 |
_a197पृ. _ap. _ccm. |
||
| 700 |
_aदिल्ली विश्वविद्यालय. कला संकाय. हिन्दी _9556719 |
||
| 942 |
_cDIS _2CC |
||
| 999 |
_c887928 _d887928 |
||